| 000 | 00543nam a2200193Ia 4500 | ||
|---|---|---|---|
| 008 | 131103s9999 xx 000 0 und d | ||
| 040 | _aLoreto College | ||
| 041 | _aEnglish | ||
| 082 |
_a954/ROB _bLCBED/4162 |
||
| 100 | _aRoberts, P.E. | ||
| 245 |
_aHistory of british india _b under the company and the crown _cP.E. Roberts |
||
| 250 | _aLondon | ||
| 260 |
_aOxford university press _bWashington _c1967 |
||
| 300 |
_a707p. _c 18cm. |
||
| 504 | _aIncludes index | ||
| 650 | _aHistory - India | ||
| 850 | _aLCBED/954/ROB | ||
| 942 | _cBK | ||
| 999 |
_c28129 _d78608 |
||